[Event "AUT-chT3 9798"]
[Site "Vorarlberg "]
[Date "1997.10.17"]
[Round "2"]
[White "Ulmer, Hanno"]
[Black "Petkovic, Vladica"]
[Result "1/2-1/2"]
[WhiteElo "2140"]
[BlackElo "1755"]
[PlyCount "26"]
[EventDate "1997.??.??"]
[EventType "tourn"]
[EventRounds "9"]
[EventCountry "AUT"]
[SourceTitle "EXT 1999"]
[Source "ChessBase"]
[SourceDate "1998.11.16"]
[SourceVersion "1"]
[SourceVersionDate "1998.11.16"]
[SourceQuality "1"]

1. e4 c5 2. Nc3 Nc6 3. g3 g6 4. Bg2 Bg7 5. d3 d6 6. Nf3 e6 7. 0-0 Nge7 8. Be3 0-0 9. Qd2 Nd4 10. Rad1 Nec6 11. h3 Rb8 12. g4 b5 13. Nh4 b4 1/2-1/2